| 000 | 00599nam a22002057a 4500 | ||
|---|---|---|---|
| 999 |
_c8025 _d8025 |
||
| 003 | OSt | ||
| 005 | 20220908092909.0 | ||
| 008 | 220908b ||||| |||| 00| 0 eng d | ||
| 020 | _a0415144965 | ||
| 040 | _cDDC | ||
| 082 | _a307.72 FRA 2000 | ||
| 100 |
_aFrancis, Elizabeth _916321 |
||
| 245 |
_aMaking a living : _bchanging livelihoods in rural Africa. |
||
| 260 |
_aNew York : _bRoutledge; _c2000 |
||
| 300 |
_ax, 212 p. : _bill., maps ; _c24 cm |
||
| 504 | _aIncludes and index. | ||
| 650 |
_aAfrica-- Rural conditions _916322 |
||
| 650 |
_aRural poor -- Africa. _916323 |
||
| 942 |
_2ddc _cBOOK |
||